[Event "Montreal Mercredi 02"]
[Site "Montreal CAN"]
[Date "2011.03.09"]
[Round "3"]
[White "Brassard, Sylvain"]
[Black "Gates, Claude-Eric"]
[Result "1-0"]
[WhiteElo "1807"]
[BlackElo "1713"]
[PlyCount "143"]
[GameId "2160767909804346"]
[EventDate "2011.02.23"]
[EventType "tourn"]
[EventRounds "5"]
[EventCountry "CAN"]
[SourceTitle "EXT 2013"]
[Source "ChessBase"]
[SourceDate "2012.11.22"]
[SourceVersion "1"]
[SourceVersionDate "2012.11.22"]
[SourceQuality "1"]

1. d4 Nf6 2. Bg5 c5 3. Bxf6 gxf6 4. d5 Qb6 5. Qc1 f5 6. Nd2 Bg7 7. Rb1 Qa5 8. e3 Rg8 9. c3 Qc7 10. Ngf3 Bf6 11. g3 d6 12. Qc2 e5 13. dxe6 Bxe6 14. Bb5+ Nc6 15. Bd3 Ne7 16. Rd1 O-O-O 17. O-O h5 18. h4 d5 19. Kh2 c4 20. Be2 Ng6 21. Kh1 Ne5 22. Nd4 Qe7 23. Nxf5 Qd7 24. e4 Kb8 25. Nxc4 Nxc4 26. Bxc4 Bxf5 27. exf5 Bxh4 28. Rxd5 Qe7 29. Rxd8+ Rxd8 30. Rd1 Bf6 31. Rxd8+ Qxd8 32. Bxf7 h4 33. Qe2 hxg3 34. fxg3 Qh8+ 35. Kg2 Be5 36. Qb5 Kc7 37. Qc4+ Kb8 38. Qe6 Kc7 39. Qe7+ Kb6 40. Bd5 Qg7 41. Qxg7 Bxg7 42. g4 Kc7 43. g5 Be5 44. f6 b6 45. f7 Bg7 46. g6 Kd6 47. Be4 Ke5 48. Bd3 Kf4 49. Kf2 Bf8 50. Ke2 Bg7 51. Kd2 Ke5 52. Kc2 Kd5 53. Kb3 Kc5 54. Ka4 Bf8 55. b4+ Kc6 56. Be4+ Kc7 57. Kb5 Bh6 58. c4 Bg7 59. c5 Bh6 60. c6 Bg7 61. Kc4 Kd6 62. b5 Bf8 63. Kd4 Bg7+ 64. Ke3 Ke7 65. Kf4 Kd6 66. Kf5 Ke7 67. Bd5 Kd6 68. Be6 Ke7 69. Bd7 Kd6 70. f8=Q+ Bxf8 71. Kf6 Be7+ 72. Kf7 1-0

[Event "Montreal Mercredi 02"]
[Site "Montreal CAN"]
[Date "2011.03.09"]
[Round "3"]
[White "Gauthier, Luc"]
[Black "Nardone, Raul"]
[Result "1/2-1/2"]
[WhiteElo "1738"]
[BlackElo "1779"]
[PlyCount "64"]
[GameId "2160767909804348"]
[EventDate "2011.02.23"]
[EventType "tourn"]
[EventRounds "5"]
[EventCountry "CAN"]
[SourceTitle "EXT 2013"]
[Source "ChessBase"]
[SourceDate "2012.11.22"]
[SourceVersion "1"]
[SourceVersionDate "2012.11.22"]
[SourceQuality "1"]

1. e4 c5 2. Nc3 Nc6 3. g3 g6 4. Bg2 Bg7 5. d3 d6 6. f4 e6 7. Nf3 Rb8 8. O-O Nge7 9. Be3 Nd4 10. e5 Nxf3+ 11. Bxf3 Nf5 12. Bf2 dxe5 13. fxe5 Bxe5 14. Bxc5 Bd4+ 15. Bxd4 Qxd4+ 16. Rf2 O-O 17. Ne4 Qxb2 18. c3 Qb6 19. Rb1 Qe3 20. Nf6+ Kg7 21. Ng4 Qg5 22. h4 Qd8 23. Qe2 Qc7 24. h5 Qxg3+ 25. Rg2 Qc7 26. h6+ Kh8 27. Qb2 f6 28. Qa3 Bd7 29. Rxb7 Qf4 30. Qb4 Qxb4 31. cxb4 Rxb7 32. Bxb7 Rb8 1/2-1/2

[Event "Montreal Mercredi 02"]
[Site "Montreal CAN"]
[Date "2011.03.09"]
[Round "3"]
[White "Khudaverdian, Berj"]
[Black "Weston, Paul"]
[Result "1/2-1/2"]
[WhiteElo "1856"]
[BlackElo "1850"]
[PlyCount "146"]
[GameId "2160767909804349"]
[EventDate "2011.02.23"]
[EventType "tourn"]
[EventRounds "5"]
[EventCountry "CAN"]
[SourceTitle "EXT 2013"]
[Source "ChessBase"]
[SourceDate "2012.11.22"]
[SourceVersion "1"]
[SourceVersionDate "2012.11.22"]
[SourceQuality "1"]

1. f4 d5 2. Nf3 Nf6 3. d3 c5 4. e3 Nc6 5. Be2 e6 6. O-O Be7 7. Qe1 b6 8. a4 Bb7 9. Na3 a6 10. Bd2 Qc7 11. c4 d4 12. e4 a5 13. Nb5 Qd8 14. Qg3 O-O 15. Qh3 Nb4 16. Bxb4 axb4 17. b3 Bxe4 18. dxe4 Nxe4 19. Bd3 Nf6 20. Rae1 g6 21. Ng5 Nh5 22. Nxh7 Kxh7 23. Qxh5+ Kg7 24. Qe5+ Bf6 25. Qc7 Qxc7 26. Nxc7 Ra7 27. Nb5 Rd7 28. Re2 g5 29. Ra2 gxf4 30. Rxf4 Rh8 31. a5 bxa5 32. Rxa5 Bg5 33. Rg4 Kf6 34. g3 Be3+ 35. Kg2 Ke7 36. Ra6 Rh6 37. Na7 Rc7 38. Nc6+ Kd7 39. Ne5+ Ke7 40. Rc6 Rxc6 41. Nxc6+ Kd6 42. Na5 Rf6 43. h4 Rf2+ 44. Kh3 Kc7 45. Be4 Kb6 46. Nc6 f5 47. Rg6 fxe4 48. Rxe6 Kc7 49. Ne7 Rb2 50. Nd5+ Kd7 51. Rxe4 Rxb3 52. Kg4 Rd3 53. Kf5 b3 54. Re7+ Kd6 55. Rb7 Bc1 56. Rb6+ Kd7 57. g4 Rf3+ 58. Ke5 b2 59. g5 d3 60. g6 d2 61. Rd6+ Kc8 62. g7 Rg3 63. Ne7+ Kb7 64. Ng6 Rxg6 65. Rxg6 b1=Q 66. g8=Q Qxg6 67. Qxg6 d1=Q 68. Qb1+ Kc8 69. Qf5+ Qd7 70. Qf8+ Kb7 71. Qxc5 Qc7+ 72. Qxc7+ Kxc7 73. Kd5 Bb2 1/2-1/2

[Event "Montreal Mercredi 02"]
[Site "Montreal CAN"]
[Date "2011.03.09"]
[Round "3"]
[White "Lescarbeau, Martin"]
[Black "Dardoura, Khaled"]
[Result "1-0"]
[WhiteElo "1621"]
[BlackElo "1613"]
[PlyCount "71"]
[GameId "2160767909804350"]
[EventDate "2011.02.23"]
[EventType "tourn"]
[EventRounds "5"]
[EventCountry "CAN"]
[SourceTitle "EXT 2013"]
[Source "ChessBase"]
[SourceDate "2012.11.22"]
[SourceVersion "1"]
[SourceVersionDate "2012.11.22"]
[SourceQuality "1"]

1. e4 c6 2. d4 d5 3. Nc3 dxe4 4. Nxe4 Bf5 5. Ng3 Bg6 6. Bc4 Nf6 7. N1e2 h6 8. O-O Nbd7 9. f4 e6 10. f5 Bh7 11. fxe6 fxe6 12. Bxe6 Qe7 13. Bb3 O-O-O 14. Nf4 Nc5 15. c3 Qc7 16. Ne6 Nxe6 17. Bxe6+ Kb8 18. Nf5 Bxf5 19. Bxf5 Bd6 20. h3 Rhf8 21. Rf3 Nh5 22. g4 Ng3 23. Be3 Nxf5 24. gxf5 Qe7 25. Qd3 Qh4 26. Raf1 Rf6 27. Bf4 Bxf4 28. Rxf4 Qh5 29. Qg3 Rdd6 30. Rg4 g6 31. Rxg6 Rxg6 32. fxg6 Qxg6 33. Rf8+ Kc7 34. Qxg6 Rxg6+ 35. Kf2 Kd6 36. Rf7 1-0

[Event "Montreal Mercredi 02"]
[Site "Montreal CAN"]
[Date "2011.03.09"]
[Round "3"]
[White "Lopez Linares, Lizandro"]
[Black "Cardin, Guillaume"]
[Result "0-1"]
[WhiteElo "1880"]
[BlackElo "1849"]
[PlyCount "166"]
[GameId "2160767909804351"]
[EventDate "2011.02.23"]
[EventType "tourn"]
[EventRounds "5"]
[EventCountry "CAN"]
[SourceTitle "EXT 2013"]
[Source "ChessBase"]
[SourceDate "2012.11.22"]
[SourceVersion "1"]
[SourceVersionDate "2012.11.22"]
[SourceQuality "1"]

1. d4 g6 2. c4 Bg7 3. Nc3 d6 4. e4 e6 5. Nf3 Ne7 6. Be2 b6 7. O-O Bb7 8. Re1 Nd7 9. Qc2 O-O 10. Bf4 a6 11. Rad1 h6 12. e5 d5 13. c5 bxc5 14. dxc5 Nc6 15. Bf1 Qe7 16. Na4 g5 17. Bg3 g4 18. Nd4 Ndxe5 19. Nxc6 Nxc6 20. Qe2 h5 21. h3 Nd4 22. Rxd4 Bxd4 23. hxg4 Qg5 24. Rd1 e5 25. gxh5 Bc6 26. Nc3 Rfe8 27. Kh2 Bxc3 28. bxc3 Bb5 29. Qe1 Bxf1 30. Qxf1 Qxh5+ 31. Kg1 c6 32. Qd3 Kg7 33. Re1 f6 34. c4 Rh8 35. Kf1 Rab8 36. Qc2 Qh1+ 37. Ke2 Qxg2 38. cxd5 cxd5 39. Qf5 Qe4+ 40. Qxe4 dxe4 41. Ke3 Rbc8 42. Kxe4 Rxc5 43. Kf5 Rhc8 44. Rd1 R8c7 45. Rd6 R5c6 46. Rd8 Kf7 47. Bh4 Rc4 48. Bg3 Ra4 49. Rd6 Rxa2 50. Rxf6+ Ke7 51. Re6+ Kf7 52. Rxe5 Rb7 53. Kg4 Rb4+ 54. f4 Rb5 55. Re4 a5 56. Rc4 Re2 57. Bh4 Re6 58. Rc7+ Kg6 59. Ra7 Rc6 60. Bd8 Rcc5 61. Bc7 Kf6 62. Ra6+ Kf7 63. Bd6 Rc4 64. Ra7+ Ke6 65. Bf8 a4 66. Ra6+ Kd7 67. Bg7 Kc7 68. Kf3 Kb7 69. Rd6 Rb3+ 70. Kg4 a3 71. Be5 Ra4 72. Rd8 Kc6 73. Rc8+ Kb5 74. Kg5 a2 75. Rb8+ Kc4 76. Rxb3 Kxb3 77. Ba1 Kc4 78. Kf6 Kd5 79. f5 Rf4 80. Kg6 Rf1 81. Bc3 a1=Q 82. Bxa1 Rxa1 83. f6 Ke6 0-1

[Event "Montreal Mercredi 02"]
[Site "Montreal CAN"]
[Date "2011.03.09"]
[Round "3"]
[White "Morin, Louis"]
[Black "Sasseville, Jean"]
[Result "1/2-1/2"]
[WhiteElo "1903"]
[BlackElo "1968"]
[PlyCount "103"]
[GameId "2160767909804352"]
[EventDate "2011.02.23"]
[EventType "tourn"]
[EventRounds "5"]
[EventCountry "CAN"]
[SourceTitle "EXT 2013"]
[Source "ChessBase"]
[SourceDate "2012.11.22"]
[SourceVersion "1"]
[SourceVersionDate "2012.11.22"]
[SourceQuality "1"]

1. e4 c6 2. d4 d5 3. exd5 cxd5 4. Bd3 Nc6 5. Nf3 Bg4 6. Be3 Nf6 7. Nbd2 e6 8. O-O Bd6 9. Re1 O-O 10. c3 Bh5 11. h3 Rb8 12. a4 a6 13. Qe2 Qc7 14. Rac1 Rfc8 15. Qf1 Bg6 16. Bxg6 hxg6 17. g3 Na5 18. Ne5 Bxe5 19. dxe5 Nd7 20. Ba7 Ra8 21. Bd4 b5 22. axb5 axb5 23. Qxb5 Rcb8 24. Qd3 Rxb2 25. c4 Rxd2 26. Qxd2 Nb3 27. Qc3 Nxc1 28. Rxc1 Rc8 29. cxd5 Qxc3 30. Rxc3 Rxc3 31. Bxc3 exd5 32. f4 f6 33. exf6 gxf6 34. Kf2 Kf7 35. Ke3 Ke6 36. g4 Nc5 37. f5+ gxf5 38. gxf5+ Kxf5 39. Bxf6 Kxf6 40. Kd4 Ke6 41. Kxc5 Ke5 42. h4 d4 43. Kc4 Ke4 44. h5 d3 45. h6 d2 46. h7 d1=Q 47. h8=Q Qa4+ 48. Kc5 Qa5+ 49. Kc6 Qd5+ 50. Kb6 Qd6+ 51. Kb5 Qe5+ 52. Qxe5+ 1/2-1/2

[Event "Montreal Mercredi 02"]
[Site "Montreal CAN"]
[Date "2011.03.09"]
[Round "3"]
[White "Rondon, Luciano"]
[Black "Lalonde, Paul"]
[Result "1/2-1/2"]
[WhiteElo "1869"]
[BlackElo "1880"]
[PlyCount "104"]
[GameId "2160767909804354"]
[EventDate "2011.02.23"]
[EventType "tourn"]
[EventRounds "5"]
[EventCountry "CAN"]
[SourceTitle "EXT 2013"]
[Source "ChessBase"]
[SourceDate "2012.11.22"]
[SourceVersion "1"]
[SourceVersionDate "2012.11.22"]
[SourceQuality "1"]

1. d4 d5 2. c4 dxc4 3. Nf3 Nf6 4. Nc3 c5 5. e3 e6 6. Bxc4 Be7 7. O-O O-O 8. Qe2 a6 9. a4 Nc6 10. Rd1 Qc7 11. b3 cxd4 12. exd4 Na5 13. Bg5 Nxc4 14. bxc4 Bd7 15. Ne5 Rfe8 16. Nxd7 Qxd7 17. Qf3 Rac8 18. Rab1 Rxc4 19. d5 Nxd5 20. Nxd5 exd5 21. Rxd5 Qc7 22. Re1 Rd8 23. Rde5 Qxe5 24. Rxe5 Bxg5 25. Re1 Rdc8 26. g3 b5 27. Kg2 bxa4 28. Qd5 h6 29. Re8+ Rxe8 30. Qxc4 a3 31. Qa4 Re6 32. Qxa3 Be7 33. Qc3 g6 34. h3 Bf6 35. Qc8+ Kg7 36. Qa8 Bc3 37. f4 a5 38. Kf3 Bb4 39. g4 Rd6 40. Ke4 Rd2 41. f5 Rd6 42. fxg6 fxg6 43. Ke5 Rd7 44. Qc6 Re7+ 45. Kd5 Rf7 46. h4 Be7 47. Qc3+ Bf6 48. Qxa5 Bxh4 49. Qb6 h5 50. gxh5 Rf5+ 51. Ke4 Rxh5 52. Qd4+ Kh6 1/2-1/2

[Event "Montreal Mercredi 02"]
[Site "Montreal CAN"]
[Date "2011.03.16"]
[Round "4"]
[White "Baran, Marius"]
[Black "Deshetres, Michel"]
[Result "1/2-1/2"]
[WhiteElo "1682"]
[BlackElo "1672"]
[PlyCount "101"]
[GameId "2160767909804355"]
[EventDate "2011.02.23"]
[EventType "tourn"]
[EventRounds "5"]
[EventCountry "CAN"]
[SourceTitle "EXT 2013"]
[Source "ChessBase"]
[SourceDate "2012.11.22"]
[SourceVersion "1"]
[SourceVersionDate "2012.11.22"]
[SourceQuality "1"]

1. d4 Nf6 2. c4 g6 3. Nc3 d5 4. cxd5 Nxd5 5. e4 Nxc3 6. bxc3 Bg7 7. Bc4 O-O 8. Ba3 Re8 9. Qb3 e6 10. Nf3 Nc6 11. Bb5 Bd7 12. Be2 Na5 13. Qb4 c5 14. dxc5 Nc6 15. Qb3 Qa5 16. Bb4 Nxb4 17. cxb4 Qc7 18. Rd1 Bc6 19. Qe3 Ba4 20. Rd2 a5 21. a3 axb4 22. axb4 Bc6 23. O-O Ra4 24. Rb1 Rea8 25. Rdd1 Ra3 26. Bd3 Bb5 27. Nd4 Bxd4 28. Qxd4 Rd8 29. Qxd8+ Qxd8 30. Bxb5 Qh4 31. Bd3 Ra2 32. g3 Qf6 33. Rf1 Qd4 34. Bb5 Qxe4 35. Be8 Qd4 36. c6 bxc6 37. Bxc6 e5 38. b5 Qb6 39. Rbe1 Qc5 40. Ra1 Rb2 41. Rab1 Qb4 42. Rxb2 Qxb2 43. Rd1 f5 44. Rd8+ Kg7 45. Rb8 e4 46. Re8 Qb1+ 47. Kg2 Qb3 48. Re7+ Kh6 49. h4 Qf3+ 50. Kg1 Qd1+ 51. Kg2 1/2-1/2

[Event "Montreal Mercredi 02"]
[Site "Montreal CAN"]
[Date "2011.03.16"]
[Round "4"]
[White "Brassard, Sylvain"]
[Black "Pilotte, Benoit"]
[Result "1/2-1/2"]
[WhiteElo "1807"]
[BlackElo "1782"]
[PlyCount "66"]
[GameId "2160767909804356"]
[EventDate "2011.02.23"]
[EventType "tourn"]
[EventRounds "5"]
[EventCountry "CAN"]
[SourceTitle "EXT 2013"]
[Source "ChessBase"]
[SourceDate "2012.11.22"]
[SourceVersion "1"]
[SourceVersionDate "2012.11.22"]
[SourceQuality "1"]

1. d4 g6 2. g3 Bg7 3. Bg2 d6 4. e4 e6 5. Nf3 h6 6. Nc3 a6 7. O-O Nd7 8. Be3 Ne7 9. Qd2 b6 10. Ne1 Bb7 11. Nd3 Rb8 12. f4 Nf6 13. h3 Qc8 14. Rae1 d5 15. exd5 Nfxd5 16. Nxd5 Nxd5 17. Bf2 Ne7 18. Bxb7 Qxb7 19. Qe2 Rd8 20. c3 h5 21. Ne5 Bxe5 22. fxe5 Nf5 23. Kh2 Rd7 24. Be3 h4 25. gxh4 Nxe3 26. Qxe3 Rxh4 27. Qg5 Rh5 28. Qf6 Rh7 29. Rf4 c5 30. Ref1 cxd4 31. Rh4 Rxh4 32. Qxh4 dxc3 33. Qh8+ Ke7 1/2-1/2

[Event "Montreal Mercredi 02"]
[Site "Montreal CAN"]
[Date "2011.03.16"]
[Round "4"]
[White "Cardin, Guillaume"]
[Black "Weston, Paul"]
[Result "0-1"]
[WhiteElo "1849"]
[BlackElo "1850"]
[PlyCount "64"]
[GameId "2160767909804357"]
[EventDate "2011.02.23"]
[EventType "tourn"]
[EventRounds "5"]
[EventCountry "CAN"]
[SourceTitle "EXT 2013"]
[Source "ChessBase"]
[SourceDate "2012.11.22"]
[SourceVersion "1"]
[SourceVersionDate "2012.11.22"]
[SourceQuality "1"]

1. c4 Nf6 2. Nc3 e6 3. e4 d5 4. e5 d4 5. exf6 dxc3 6. fxg7 cxd2+ 7. Bxd2 Bxg7 8. Qc2 Nc6 9. Nf3 Qe7 10. Bd3 Bd7 11. a3 h6 12. O-O O-O-O 13. Rab1 Nd4 14. Nxd4 Bxd4 15. b4 Rdg8 16. Be4 f5 17. Bf3 e5 18. Be3 Bxe3 19. fxe3 e4 20. Bd1 h5 21. a4 h4 22. c5 Rh6 23. b5 Rhg6 24. Rf2 h3 25. g3 Qh4 26. Kf1 Rxg3 27. hxg3 Qxg3 28. Bh5 Qg1+ 29. Ke2 Qxf2+ 30. Kxf2 Rg2+ 31. Kf1 Rxc2 32. Kg1 Rxc5 0-1

[Event "Montreal Mercredi 02"]
[Site "Montreal CAN"]
[Date "2011.03.16"]
[Round "4"]
[White "Chang, Michael"]
[Black "Dardoura, Khaled"]
[Result "1-0"]
[WhiteElo "1604"]
[BlackElo "1613"]
[PlyCount "95"]
[GameId "2160767909804358"]
[EventDate "2011.02.23"]
[EventType "tourn"]
[EventRounds "5"]
[EventCountry "CAN"]
[SourceTitle "EXT 2013"]
[Source "ChessBase"]
[SourceDate "2012.11.22"]
[SourceVersion "1"]
[SourceVersionDate "2012.11.22"]
[SourceQuality "1"]

1. e4 c6 2. d4 d5 3. Nc3 dxe4 4. Nxe4 Nd7 5. Nf3 Ngf6 6. Ng3 e6 7. Bd3 Bd6 8. O-O O-O 9. Re1 Re8 10. c4 Nf8 11. Ne4 Be7 12. a3 a5 13. Nxf6+ Bxf6 14. Be3 Ng6 15. Rc1 e5 16. Bxg6 hxg6 17. dxe5 Be7 18. Qxd8 Bxd8 19. Bf4 Bc7 20. Nd2 Bf5 21. Bg3 Rad8 22. Nf3 Rd3 23. Rcd1 Red8 24. Rxd3 Rxd3 25. e6 Bxg3 26. exf7+ Kxf7 27. fxg3 Kf6 28. Kf2 Rb3 29. Re2 Bd3 30. Nd4 Rb6 31. c5 Bxe2 32. cxb6 Bd3 33. Nxc6 a4 34. Nb4 Bb5 35. Ke3 Ke5 36. Nd3+ Kd6 37. h4 Be8 38. Kd4 Kc6 39. Nc5 Kxb6 40. Ne6 Bc6 41. Nxg7 Bxg2 42. g4 Bf3 43. h5 gxh5 44. gxh5 Bxh5 45. Nxh5 Ka5 46. Nf4 b5 47. Nd5 b4 48. Nxb4 1-0

[Event "Montreal Mercredi 02"]
[Site "Montreal CAN"]
[Date "2011.03.16"]
[Round "4"]
[White "Gates, Claude-Eric"]
[Black "Nardone, Raul"]
[Result "1/2-1/2"]
[WhiteElo "1713"]
[BlackElo "1779"]
[PlyCount "74"]
[GameId "2160767909804359"]
[EventDate "2011.02.23"]
[EventType "tourn"]
[EventRounds "5"]
[EventCountry "CAN"]
[SourceTitle "EXT 2013"]
[Source "ChessBase"]
[SourceDate "2012.11.22"]
[SourceVersion "1"]
[SourceVersionDate "2012.11.22"]
[SourceQuality "1"]

1. c4 e6 2. g3 d5 3. Bg2 Nf6 4. Nf3 Be7 5. O-O O-O 6. b3 c5 7. Bb2 Nc6 8. cxd5 exd5 9. d4 Be6 10. dxc5 Bxc5 11. e3 Bg4 12. h3 Bxf3 13. Qxf3 d4 14. Na3 Qe7 15. Nc4 Rad8 16. exd4 Bxd4 17. Bxd4 Rxd4 18. Rfd1 Rfd8 19. Rxd4 Rxd4 20. Qe3 Nd5 21. Qxe7 Ndxe7 22. Rc1 Kf8 23. Ne3 Ke8 24. Kf1 Kd8 25. Ke1 Kd7 26. h4 Kd6 27. Ke2 g6 28. Nc4+ Ke6 29. Ne3 f5 30. f4 Rd7 31. Nc4 Nd5 32. Kf2 Ndb4 33. Re1+ Kf7 34. Bxc6 Nxc6 35. Re2 Rd4 36. Rd2 Rxd2+ 37. Nxd2 Nb4 1/2-1/2

[Event "Montreal Mercredi 02"]
[Site "Montreal CAN"]
[Date "2011.03.16"]
[Round "4"]
[White "Gauthier, Denis"]
[Black "Morin, Louis"]
[Result "0-1"]
[WhiteElo "2050"]
[BlackElo "1903"]
[PlyCount "103"]
[GameId "2160767909804360"]
[EventDate "2011.02.23"]
[EventType "tourn"]
[EventRounds "5"]
[EventCountry "CAN"]
[SourceTitle "EXT 2013"]
[Source "ChessBase"]
[SourceDate "2012.11.22"]
[SourceVersion "1"]
[SourceVersionDate "2012.11.22"]
[SourceQuality "1"]

1. d4 e5 2. dxe5 Nc6 3. Nf3 Qe7 4. Bf4 Qb4+ 5. Bd2 Qxb2 6. Nc3 Bb4 7. Rb1 Qa3 8. Nd5 Ba5 9. Rb5 Bxd2+ 10. Qxd2 Kd8 11. Ng5 Nxe5 12. e3 h6 13. Ne4 a6 14. Rb3 Qf8 15. Nxc7 Ra7 16. Qa5 b6 17. Qxe5 Rxc7 18. Bd3 Rc6 19. O-O d6 20. Qd4 Kc7 21. Rfb1 b5 22. a4 bxa4 23. Qxa4 Ne7 24. Qa5+ Kd7 25. Rb8 Qd8 26. Qh5 f5 27. Ng3 g6 28. Qf3 Rf8 29. Qf4 g5 30. Qd4 Rf7 31. e4 f4 32. Nf5 Nxf5 33. exf5 Qe7 34. Be4 Rc5 35. f3 Qf6 36. Qa4+ Ke7 37. Re1 Kf8 38. h3 Kg7 39. Qa2 Bxf5 40. Qxa6 Bxe4 41. Rxe4 Rxc2 42. Qa8 Kg6 43. Qd5 Kh5 44. Rbe8 Rc1+ 45. Kh2 Rfc7 46. R8e6 Qa1 47. g4+ fxg3+ 48. Kxg3 Rg1+ 49. Kf2 Qf1+ 50. Ke3 Qe1+ 51. Kd3 Qd1+ 52. Ke3 0-1

[Event "Montreal Mercredi 02"]
[Site "Montreal CAN"]
[Date "2011.03.16"]
[Round "4"]
[White "Lalonde, Paul"]
[Black "Khudaverdian, Berj"]
[Result "1-0"]
[WhiteElo "1880"]
[BlackElo "1856"]
[PlyCount "63"]
[GameId "2160767909804361"]
[EventDate "2011.02.23"]
[EventType "tourn"]
[EventRounds "5"]
[EventCountry "CAN"]
[SourceTitle "EXT 2013"]
[Source "ChessBase"]
[SourceDate "2012.11.22"]
[SourceVersion "1"]
[SourceVersionDate "2012.11.22"]
[SourceQuality "1"]

1. e4 g6 2. d4 Bg7 3. Nc3 d6 4. Bc4 Nc6 5. Be3 e6 6. Qd2 Nf6 7. f3 O-O 8. Nge2 Nb4 9. O-O-O d5 10. exd5 Nbxd5 11. Bh6 c6 12. Bxg7 Kxg7 13. h4 h5 14. g4 b5 15. Bd3 Qa5 16. Kb1 Rb8 17. gxh5 Nxh5 18. Rhg1 f5 19. Qg5 Rf6 20. Qxh5 Ne3 21. Nf4 Ng4 22. Rxg4 fxg4 23. Bxg6 Rxf4 24. Qh7+ Kf8 25. Qh6+ Kg8 26. Qxf4 Rb7 27. Ne4 Qd8 28. Rg1 Qxh4 29. Bf7+ Rxf7 30. Rxg4+ Qxg4 31. Qxg4+ Rg7 32. Ng5 1-0

[Event "Montreal Mercredi 02"]
[Site "Montreal CAN"]
[Date "2011.03.16"]
[Round "4"]
[White "Lopez Linares, Lizandro"]
[Black "Rondon, Luciano"]
[Result "1-0"]
[WhiteElo "1880"]
[BlackElo "1869"]
[PlyCount "75"]
[GameId "2160767909804363"]
[EventDate "2011.02.23"]
[EventType "tourn"]
[EventRounds "5"]
[EventCountry "CAN"]
[SourceTitle "EXT 2013"]
[Source "ChessBase"]
[SourceDate "2012.11.22"]
[SourceVersion "1"]
[SourceVersionDate "2012.11.22"]
[SourceQuality "1"]

1. d4 d5 2. c4 c6 3. Nf3 Nf6 4. Nc3 e6 5. Bg5 Be7 6. e3 O-O 7. Rc1 Nbd7 8. Bd3 dxc4 9. Bxc4 Nd5 10. Bxe7 Qxe7 11. O-O Nxc3 12. Rxc3 e5 13. Bb3 e4 14. Nd2 Nf6 15. Qb1 Bg4 16. Rc5 Nd7 17. Rc3 Be2 18. Rfc1 Bd3 19. Bc2 Bxc2 20. Qxc2 Nf6 21. Nc4 Nd5 22. Rb3 Rfd8 23. Na5 Rd7 24. a3 Nb6 25. Rc3 Rd5 26. b4 Rh5 27. Rc5 Nd5 28. b5 b6 29. Nxc6 Qh4 30. Rxd5 Rxd5 31. g3 Qf6 32. Qxe4 Rd7 33. Ne7+ Qxe7 34. Qxa8+ Rd8 35. Rc8 Rxc8 36. Qxc8+ Qf8 37. Qxf8+ Kxf8 38. e4 1-0

[Event "Montreal Mercredi 02"]
[Site "Montreal CAN"]
[Date "2011.03.16"]
[Round "4"]
[White "Pregent, Daniel"]
[Black "Gauthier, Luc"]
[Result "1/2-1/2"]
[WhiteElo "1840"]
[BlackElo "1738"]
[PlyCount "111"]
[GameId "2160767909804364"]
[EventDate "2011.02.23"]
[EventType "tourn"]
[EventRounds "5"]
[EventCountry "CAN"]
[SourceTitle "EXT 2013"]
[Source "ChessBase"]
[SourceDate "2012.11.22"]
[SourceVersion "1"]
[SourceVersionDate "2012.11.22"]
[SourceQuality "1"]

1. d4 d5 2. c4 e5 3. dxe5 d4 4. Nf3 Nc6 5. g3 Nge7 6. Bg2 Ng6 7. O-O Ngxe5 8. Nbd2 Nxf3+ 9. Nxf3 Be7 10. a3 O-O 11. b4 Bf6 12. Bb2 d3 13. Bxf6 Qxf6 14. Qxd3 Bf5 15. e4 Rad8 16. Qe3 Bg4 17. e5 Qf5 18. Nh4 Qxe5 19. Qxe5 Nxe5 20. Bxb7 g5 21. Ng2 Nf3+ 22. Kh1 Nd2 23. Rfe1 Nxc4 24. Rac1 Be6 25. Ba6 Nxa3 26. Rc3 Rd2 27. Rxa3 Rxf2 28. Kg1 Rb2 29. Rc3 c6 30. Ne3 Rxb4 31. Rxc6 Rfb8 32. Rc7 Rb1 33. Kf2 Rxe1 34. Kxe1 Rb1+ 35. Kd2 Rb2+ 36. Nc2 Bf5 37. Bd3 Bxd3 38. Kxd3 h5 39. Rxa7 Kg7 40. Rc7 Kg6 41. Ne3 Rxh2 42. Nc4 Rh3 43. Ke4 f5+ 44. Kf3 h4 45. Rc6+ Kg7 46. Ne3 Rxg3+ 47. Kf2 Kf7 48. Nxf5 Rb3 49. Ne3 Rb2+ 50. Kf3 Rb3 51. Ke4 Rb4+ 52. Kf5 Rb5+ 53. Kg4 Re5 54. Nf5 Re6 55. Rxe6 Kxe6 56. Nxh4 1/2-1/2

[Event "Montreal Mercredi 02"]
[Site "Montreal CAN"]
[Date "2011.03.16"]
[Round "4"]
[White "Sasseville, Jean"]
[Black "Gagnon, Serge"]
[Result "1-0"]
[WhiteElo "1968"]
[BlackElo "2061"]
[PlyCount "71"]
[GameId "2160767909804365"]
[EventDate "2011.02.23"]
[EventType "tourn"]
[EventRounds "5"]
[EventCountry "CAN"]
[SourceTitle "EXT 2013"]
[Source "ChessBase"]
[SourceDate "2012.11.22"]
[SourceVersion "1"]
[SourceVersionDate "2012.11.22"]
[SourceQuality "1"]

1. Nf3 g6 2. c4 Bg7 3. Nc3 e5 4. d4 exd4 5. Nxd4 Nc6 6. Nxc6 bxc6 7. g3 Ne7 8. Bg2 O-O 9. O-O Nf5 10. Qa4 Re8 11. Rd1 Qe7 12. Bf4 Be5 13. Bxe5 Qxe5 14. Rd2 Nd6 15. Rad1 Qc5 16. Rd4 Rb8 17. Qc2 Qf5 18. e4 Qe6 19. b3 Nb7 20. e5 Nc5 21. f4 a5 22. h4 f5 23. Nd5 Rf8 24. Qc3 a4 25. b4 Na6 26. b5 Nc5 27. Qa3 Ne4 28. Bxe4 fxe4 29. Nf6+ Rxf6 30. exf6 cxb5 31. cxb5 Rxb5 32. Qxa4 Qb6 33. Qa8 Kf7 34. Qxc8 Rd5 35. Qd8 Qc5 36. Qe7+ 1-0

[Event "Montreal Mercredi 02"]
[Site "Montreal CAN"]
[Date "2011.03.23"]
[Round "5"]
[White "Deshetres, Michel"]
[Black "Chang, Michael"]
[Result "1-0"]
[WhiteElo "1672"]
[BlackElo "1604"]
[PlyCount "107"]
[GameId "2160767909804367"]
[EventDate "2011.02.23"]
[EventType "tourn"]
[EventRounds "5"]
[EventCountry "CAN"]
[SourceTitle "EXT 2013"]
[Source "ChessBase"]
[SourceDate "2012.11.22"]
[SourceVersion "1"]
[SourceVersionDate "2012.11.22"]
[SourceQuality "1"]

1. d4 Nf6 2. c4 g6 3. Nc3 Bg7 4. Bg5 O-O 5. Nf3 d6 6. e3 Na6 7. a3 c5 8. d5 Qa5 9. Bd3 h6 10. Bh4 Qd8 11. Qc2 Kh7 12. O-O Nb8 13. b4 b6 14. b5 Nbd7 15. a4 Ng4 16. Rae1 Nde5 17. Nxe5 Nxe5 18. Be2 Kg8 19. f4 Ng4 20. Bd3 Bf5 21. Bxf5 Nxh2 22. Kxh2 gxf5 23. Ne2 Qd7 24. Ng3 e6 25. Nh5 exd5 26. Nxg7 Kxg7 27. cxd5 a6 28. Qd3 axb5 29. Qxb5 Qxb5 30. axb5 Ra5 31. Rb1 Re8 32. Rb3 c4 33. Rc3 Rxb5 34. Rxc4 Rxd5 35. Bf2 Rc5 36. Rb4 Rc6 37. Rfb1 Rb8 38. Rb5 Kg6 39. Kg3 h5 40. Kf3 Kf6 41. Be1 Rbc8 42. Rxb6 Rxb6 43. Rxb6 Ke6 44. Bb4 Rd8 45. Kg3 Kd5 46. Kh4 Ke4 47. Rxd6 Rg8 48. Bc5 Rxg2 49. Kxh5 Rc2 50. Bd4 Rg2 51. Rf6 Kd5 52. Rxf5+ Ke6 53. Re5+ Kd7 54. Rg5 1-0